[Event "40th Olympiad Women"]
[Site "Istanbul TUR"]
[Date "2012.08.29"]
[Round "2.21"]
[Board "4"]
[White "Jelica, Mara"]
[Black "Nadirjanova, Nodira"]
[Result "1-0"]
[WhiteTitle "WIM"]
[WhiteElo "2258"]
[BlackElo "2185"]
[WhiteTeam "Croatia"]
[BlackTeam "Uzbekistan"]
[WhiteFideId "14504111"]
[BlackFideId "14201232"]
[EventDate "2012.08.28"]

1. e4 e6 2. d4 d5 3. Nd2 Nf6 4. e5 Nfd7 5. Bd3 c5 6. c3 Nc6 7. Ndf3 cxd4 8. cxd4
f6 9. exf6 Nxf6 10. Ne2 Bd6 11. O-O Qc7 12. Bg5 O-O 13. Ng3 h6 14. Bd2 Bd7 15.
Re1 Rae8 16. Bc3 e5 17. Bg6 Re7 18. dxe5 Nxe5 19. Nxe5 Rxe5 20. Bxe5 Bxe5 21.
Rc1 Qd6 22. Rc2 Ng4 23. Bh5 Rf4 24. Bxg4 Bxg4 25. f3 Bd7 26. Rd2 Bc6 27. Qe2
Qc5+ 28. Kh1 Bc7 29. Qe6+ Kh7 30. Nf5 Qf8 31. Nd4 Ba5 32. Qe2 Bxd2 33. Qxd2 Qf6
34. Nxc6 bxc6 35. Rc1 Kg8 36. b3 Rd4 37. Qe2 Kf7 38. h3 Rb4 39. Qa6 Kg8 40. Qxa7
Rd4 41. a4 Kh7 42. Qc5 Rd2 43. Qe3 Ra2 44. Qd3+ Kg8 45. Qc3 Qg6 46. Rg1 Rc2 47.
Qd4 Ra2 48. Qb6 Qc2 49. a5 Ra3 50. b4 Qc4 51. Re1 Ra2 52. Qd8+ Kh7 53. Qd7 Qf4
54. Qc8 Qg5 55. Qg4 Qxg4 56. hxg4 c5 57. bxc5 Rxa5 58. Rc1 Kg6 59. c6 Ra8 60. c7
Rc8 61. Kg1 Kf7 62. Kf2 Ke7 63. Ke3 Kd6 64. Kd4 Rxc7 65. Rxc7 Kxc7 66. Kxd5 Kd7
67. Ke5 Ke7 68. f4 Kf7 69. Kf5 Ke7 70. Kg6 Kf8 71. f5 Kg8 72. f6 1-0

[Event "40th Olympiad Women"]
[Site "Istanbul TUR"]
[Date "2012.08.29"]
[Round "2.22"]
[Board "1"]
[White "Fierro Baquero, Martha L."]
[Black "Ziaziulkina, Nastassia"]
[Result "1-0"]
[WhiteTitle "IM"]
[BlackTitle "WGM"]
[WhiteElo "2384"]
[BlackElo "2342"]
[WhiteTeam "Ecuador"]
[BlackTeam "Belarus"]
[WhiteFideId "3600270"]
[BlackFideId "13505211"]
[EventDate "2012.08.28"]

1. c4 Nf6 2. g3 c6 3. Nf3 d5 4. Bg2 dxc4 5. O-O Nbd7 6. Qc2 Nb6 7. Na3 Be6 8.
Ng5 Bg4 9. Nxc4 Bxe2 10. Ne5 Bh5 11. Re1 e6 12. Bf3 Bg6 13. Bxc6+ bxc6 14. Qxc6+
Nbd7 15. Nxg6 hxg6 16. Nxf7 Qe7 17. Nxh8 1-0

[Event "40th Olympiad Women"]
[Site "Istanbul TUR"]
[Date "2012.08.29"]
[Round "2.22"]
[Board "2"]
[White "Sharevich, Anna"]
[Black "Heredia Serrano, Carla"]
[Result "1/2-1/2"]
[WhiteTitle "WGM"]
[BlackTitle "WIM"]
[WhiteElo "2261"]
[BlackElo "2242"]
[WhiteTeam "Belarus"]
[BlackTeam "Ecuador"]
[WhiteFideId "13503189"]
[BlackFideId "3603687"]
[EventDate "2012.08.28"]

1. d4 d5 2. c4 c6 3. Nf3 Nf6 4. Qb3 dxc4 5. Qxc4 Bf5 6. g3 e6 7. Bg2 Nbd7 8. O-O
Be7 9. e3 O-O 10. Rd1 Qc7 11. Nc3 Nd5 12. Ne1 Nxc3 13. bxc3 Nb6 14. Qe2 Na4 15.
Bd2 e5 16. f4 exf4 17. gxf4 Be6 18. e4 f6 19. f5 Bf7 20. Qg4 h5 21. Qh4 c5 22.
Bf4 Qa5 23. d5 Nxc3 24. Rd2 c4 25. Bf3 Bc5+ 26. Kh1 Rfe8 27. Bh6 gxh6 28. Rg2+
Kf8 29. Qxf6 Qb6 30. Qxc3 Bd4 31. Qa3+ Qc5 32. Qxc5+ Bxc5 33. Rb1 Rab8 34. Rc2
b5 1/2-1/2

[Event "40th Olympiad Women"]
[Site "Istanbul TUR"]
[Date "2012.08.29"]
[Round "2.22"]
[Board "3"]
[White "Moncayo Romero, Evelyn"]
[Black "Stetsko, Lanita"]
[Result "0-1"]
[WhiteTitle "WIM"]
[BlackTitle "FM"]
[WhiteElo "2163"]
[BlackElo "2130"]
[WhiteTeam "Ecuador"]
[BlackTeam "Belarus"]
[WhiteFideId "3600424"]
[BlackFideId "13505300"]
[EventDate "2012.08.28"]

1. e4 e5 2. Nf3 Nc6 3. Bb5 a6 4. Ba4 Nf6 5. O-O Be7 6. Bxc6 dxc6 7. d3 Qd6 8. b3
Bg4 9. Bb2 Nd7 10. Nbd2 f6 11. Nc4 Qe6 12. h3 Bxf3 13. Qxf3 O-O-O 14. a4 h5 15.
Bc3 g5 16. Ne3 Rdg8 17. Qf5 Qxf5 18. Nxf5 Bd6 19. b4 b6 20. a5 b5 21. Bd2 c5 22.
c4 Kb7 23. cxb5 axb5 24. a6+ Kb6 25. Rfb1 Ra8 26. bxc5+ Bxc5 27. Ra5 c6 28. Rba1
Ra7 29. R5a2 Rha8 30. Ng7 Rxa6 31. Rxa6+ Rxa6 32. Rd1 h4 33. Nh5 Ra2 34. g3 b4
35. gxh4 gxh4 0-1

[Event "40th Olympiad Women"]
[Site "Istanbul TUR"]
[Date "2012.08.29"]
[Round "2.22"]
[Board "4"]
[White "Nevioselaya, Maria"]
[Black "Romero Echeverria, Abigail"]
[Result "1/2-1/2"]
[BlackTitle "WFM"]
[WhiteElo "2057"]
[BlackElo "2109"]
[WhiteTeam "Belarus"]
[BlackTeam "Ecuador"]
[WhiteFideId "13502280"]
[BlackFideId "3603806"]
[EventDate "2012.08.28"]

1. e4 c5 2. Nf3 e6 3. Nc3 a6 4. d4 cxd4 5. Nxd4 Qc7 6. Bd3 b5 7. O-O Bb7 8. Qe2
Nf6 9. e5 b4 10. Ncb5 axb5 11. exf6 gxf6 12. Nxb5 Qc6 13. f3 h5 14. Be4 Bc5+ 15.
Kh1 Qb6 16. Bxb7 Qxb7 17. Bf4 Kf8 18. Bd6+ Bxd6 19. Nxd6 Qc6 20. Qd2 Na6 21. a3
Rb8 22. b3 h4 23. h3 Ke7 24. Rfd1 Rh5 25. axb4 Rd5 26. Qe2 Nxb4 27. Rxd5 Nxd5
28. Nf5+ Kf8 29. Nxh4 Qc3 30. Ra7 Ne3 31. Rxd7 Nxc2 32. Qe4 Qe1+ 33. Qxe1 Nxe1
34. Rd1 Nc2 35. Rb1 Rb4 36. g3 Nd4 37. f4 e5 38. Ng2 Kg7 39. Ne3 Rxb3 40. Rxb3
Nxb3 41. f5 Kh6 42. Kg2 Nd2 43. h4 Kh7 44. g4 Kh6 45. Nd5 Kg7 46. Kg3 Ne4+ 47.
Kf3 Nd6 48. Ke3 Nc4+ 49. Ke4 Nd6+ 50. Kf3 Ne8 51. Ke2 Nd6 52. Kd3 Ne8 53. Kc4
Nd6+ 54. Kc5 Ne4+ 55. Kc6 Nf2 56. Ne3 Ne4 57. Kd7 Nd2 58. Ke7 Nf3 59. h5 Ng5 60.
Nd5 Ne4 61. Nc7 Nf2 62. Ne8+ Kh6 63. Nxf6 e4 64. Kxf7 Kg5 65. Nxe4+ Nxe4 66. Kg7
Nf6 67. h6 Ne8+ 68. Kf7 Nf6 69. Ke6 Nh7 70. Ke7 Kxh6 71. f6 Kg6 72. f7 Kg5 73.
Ke6 Kxg4 74. Kd5 1/2-1/2

[Event "40th Olympiad Women"]
[Site "Istanbul TUR"]
[Date "2012.08.29"]
[Round "2.23"]
[Board "1"]
[White "Cori T., Deysi"]
[Black "Salazar, Aura Cristina"]
[Result "1-0"]
[WhiteTitle "WGM"]
[BlackTitle "WFM"]
[WhiteElo "2413"]
[BlackElo "2228"]
[WhiteTeam "Peru"]
[BlackTeam "Colombia"]
[WhiteFideId "3801934"]
[BlackFideId "4403312"]
[EventDate "2012.08.28"]

1. d4 Nf6 2. Nf3 g6 3. c4 Bg7 4. g3 O-O 5. Bg2 c6 6. Nc3 d5 7. cxd5 cxd5 8. Ne5
e6 9. O-O Nfd7 10. Nf3 Nc6 11. Bg5 Qb6 12. Na4 Qb4 13. a3 Qb5 14. b3 Na5 15. Rb1
Re8 16. Re1 Bf8 17. Bf1 Qc6 18. Bd2 b6 19. Rc1 Qb7 20. Bf4 b5 21. Rc7 Qa6 22.
Nc5 Nxc5 23. dxc5 Re7 24. e4 Rxc7 25. Bxc7 dxe4 26. Nd4 Nb7 27. c6 Qxa3 28. Nxb5
Qc5 29. cxb7 Bxb7 30. Bd6 Qc6 31. Bxf8 e3 32. f3 Rxf8 33. Rxe3 a6 34. Rc3 Qb6+
35. Qd4 Qa5 36. Nd6 e5 37. Qc5 1-0

[Event "40th Olympiad Women"]
[Site "Istanbul TUR"]
[Date "2012.08.29"]
[Round "2.23"]
[Board "2"]
[White "Franco Valencia, Angela"]
[Black "Aliaga Fernandez, Ingrid Y"]
[Result "1-0"]
[WhiteTitle "WFM"]
[BlackTitle "WFM"]
[WhiteElo "2170"]
[BlackElo "2169"]
[WhiteTeam "Colombia"]
[BlackTeam "Peru"]
[WhiteFideId "4403070"]
[BlackFideId "3802191"]
[EventDate "2012.08.28"]

1. e4 c5 2. Nf3 d6 3. d4 cxd4 4. Nxd4 Nf6 5. Nc3 a6 6. h3 e6 7. g4 d5 8. exd5
Nxd5 9. Bd2 Be7 10. Bg2 Nb6 11. Nce2 Qc7 12. Ba5 e5 13. O-O O-O 14. Nf5 Bxf5 15.
gxf5 Nc6 16. Bxb6 Qxb6 17. Nc3 Qxb2 18. Nd5 Rad8 19. f6 Bxf6 20. Nxf6+ gxf6 21.
Qg4+ Kh8 22. Qf5 Rd6 23. Be4 Rg8+ 24. Kh2 Rg7 25. Qc8+ Rd8 26. Qf5 Rd6 27. Rab1
Qxa2 28. Rxb7 Qe6 29. Rb6 Qxf5 30. Bxf5 Rg8 31. c4 Rb8 32. Rxa6 Rb2 33. Be4 Rd4
34. Bxc6 Rxc4 35. Bd5 Rf4 36. Kg2 e4 37. Ra3 Rb5 38. Kg3 Rf5 39. Bxe4 Rg5+ 40.
Kh2 Kg7 41. Ra7 Rb2 42. Bd3 f5 43. Bc4 h6 44. Rxf7+ Kg6 45. Rf8 Kh7 46. Be6 Kg6
47. h4 Rh5 48. Rg1+ 1-0

[Event "40th Olympiad Women"]
[Site "Istanbul TUR"]
[Date "2012.08.29"]
[Round "2.23"]
[Board "3"]
[White "Casusol, Cecilia"]
[Black "Franco Valencia, Beatriz Irene"]
[Result "1-0"]
[BlackTitle "WFM"]
[WhiteElo "2030"]
[BlackElo "2253"]
[WhiteTeam "Peru"]
[BlackTeam "Colombia"]
[WhiteFideId "3803163"]
[BlackFideId "4402618"]
[EventDate "2012.08.28"]

1. e4 e6 2. d4 d5 3. Nd2 c5 4. c3 cxd4 5. cxd4 dxe4 6. Nxe4 Bb4+ 7. Nc3 Nc6 8.
Nf3 Nf6 9. Bc4 O-O 10. O-O Qa5 11. Qc2 Rd8 12. Be3 a6 13. a3 Be7 14. Rfd1 Qc7
15. Rac1 Nxd4 16. Bxd4 Qxc4 17. Qb1 e5 18. Bxe5 Rxd1+ 19. Nxd1 Qb3 20. Ne3 Bd7
21. Rc7 Bd8 22. Nd4 Qb6 23. Rc1 Rc8 24. Rd1 Qc5 25. Nf3 Bc6 26. Rc1 Qb5 27. Bg3
Ra8 28. Nd4 Qb6 29. Nxc6 bxc6 30. Qc2 Rc8 31. Nc4 Qd4 32. Rd1 Qe4 33. Qd2 Qe7
34. Nd6 Ra8 35. Nf5 Qe8 36. Qc2 Bb6 37. Rc1 c5 38. h3 Rd8 39. Bh4 Qe6 40. Ne3
Rd4 41. Bxf6 Qxf6 42. Qe2 a5 43. Nd5 Qd8 1-0

[Event "40th Olympiad Women"]
[Site "Istanbul TUR"]
[Date "2012.08.29"]
[Round "2.23"]
[Board "4"]
[White "Castrillon Gomez, Melissa"]
[Black "Chumpitaz, Ann"]
[Result "1-0"]
[WhiteTitle "WFM"]
[BlackTitle "WFM"]
[WhiteElo "2181"]
[BlackElo "2160"]
[WhiteTeam "Colombia"]
[BlackTeam "Peru"]
[WhiteFideId "4402413"]
[BlackFideId "3804178"]
[EventDate "2012.08.28"]

1. e4 e5 2. Nf3 Nc6 3. Bb5 a6 4. Ba4 Nf6 5. O-O b5 6. Bb3 Be7 7. Ng5 O-O 8. f4
d5 9. fxe5 Nxe4 10. Nf3 Bg4 11. Qe1 Bxf3 12. gxf3 Bh4 13. Qe3 Bg5 14. f4 Be7 15.
c3 Nc5 16. d4 Nxb3 17. axb3 f6 18. Qh3 Kh8 19. Be3 fxe5 20. fxe5 Rxf1+ 21. Kxf1
Qe8 22. Nd2 Qg6 23. Ke2 Nd8 24. Qd7 Qe6 25. Qe8+ 1-0

[Event "40th Olympiad Women"]
[Site "Istanbul TUR"]
[Date "2012.08.29"]
[Round "2.24"]
[Board "3"]
[White "Kursova, Maria"]
[Black "De Seroux, Camille"]
[Result "1-0"]
[WhiteTitle "WGM"]
[BlackTitle "WFM"]
[WhiteElo "2338"]
[BlackElo "2101"]
[WhiteTeam "Armenia"]
[BlackTeam "Switzerland"]
[WhiteFideId "4129709"]
[BlackFideId "1305620"]
[EventDate "2012.08.28"]

1. d4 Nf6 2. Nf3 g6 3. c4 Bg7 4. g3 O-O 5. Bg2 d6 6. Nc3 Nc6 7. O-O a6 8. d5 Na5
9. Nd2 c5 10. Rb1 Rb8 11. b3 b5 12. Bb2 bxc4 13. bxc4 Bh6 14. Ba1 Bf5 15. Rxb8
Qxb8 16. f4 Ng4 17. e4 Bd7 18. Qe1 Bg7 19. e5 dxe5 20. h3 Nh6 21. Nce4 Qc8 22.
Kh2 exf4 23. Bxg7 Kxg7 24. Rxf4 Nf5 25. Qf2 Nb7 26. Nb3 Qc7 27. Nexc5 Nxc5 28.
Nxc5 g5 29. Rg4 f6 30. Nxd7 Qxd7 31. c5 Rb8 32. Re4 h5 33. c6 Qc8 34. Re6 h4 35.
Qxf5 hxg3+ 36. Kxg3 Qh8 37. Rxe7+ 1-0

[Event "40th Olympiad Women"]
[Site "Istanbul TUR"]
[Date "2012.08.29"]
[Round "2.24"]
[Board "4"]
[White "Stoeri, Laura"]
[Black "Hairapetian, Anna"]
[Result "1-0"]
[BlackTitle "WIM"]
[WhiteElo "2057"]
[BlackElo "2203"]
[WhiteTeam "Switzerland"]
[BlackTeam "Armenia"]
[WhiteFideId "1304313"]
[BlackFideId "13303554"]
[EventDate "2012.08.28"]

1. e4 c5 2. Nf3 d6 3. d4 cxd4 4. Nxd4 Nf6 5. Nc3 g6 6. Be3 Bg7 7. f3 Nc6 8. Qd2
Bd7 9. Be2 Rc8 10. O-O Ne5 11. Rad1 O-O 12. Nd5 Nxd5 13. exd5 Qc7 14. c3 Nc4 15.
Bxc4 Qxc4 16. Nb3 Qa6 17. Qc2 Bf5 18. Qf2 Qxa2 19. Nc1 Qc4 20. Bxa7 b5 21. Bd4
Bxd4 22. Rxd4 Qc5 23. Na2 e5 24. dxe6 fxe6 25. Rfd1 Bc2 26. R1d2 Bb3 27. Nc1 Bd5
28. Nd3 Qa7 29. Nb4 Rfe8 30. Nxd5 exd5 31. Rd1 Rc4 32. Rxd5 Qxf2+ 33. Kxf2 b4
34. R1d4 Rxd4 35. Rxd4 bxc3 36. bxc3 Rc8 37. c4 Kf7 38. Ke3 Ke6 39. Rh4 Rc7 40.
Kd4 Ra7 41. Re4+ Kd7 42. Re2 Ra1 43. Rc2 Rd1+ 44. Ke4 Ke6 45. Re2 d5+ 46. cxd5+
Rxd5 47. Ra2 Rd6 48. g4 Kf6 49. Ra7 Re6+ 50. Kf4 g5+ 51. Kg3 Kg6 52. h4 gxh4+
53. Kxh4 Rf6 54. Ra3 h6 55. Rb3 Rf4 56. Rb6+ Kg7 57. Kg3 Rf8 58. Re6 Rf7 59. f4
Rf8 60. Kf3 Rf7 61. Ke4 Rf8 62. Ke5 Rf7 63. f5 Ra7 64. Rd6 Re7+ 65. Kf4 Rf7 66.
Rg6+ Kh7 67. Ke5 Ra7 68. Rd6 Rg7 69. Rd4 Re7+ 70. Kf6 Ra7 71. Re4 Ra6+ 72. Re6
Ra4 73. Re7+ Kg8 74. g5 hxg5 75. Kg6 Kf8 76. f6 Rh4 77. Ra7 Re4 78. Ra8+ 1-0

[Event "40th Olympiad Women"]
[Site "Istanbul TUR"]
[Date "2012.08.29"]
[Round "2.25"]
[Board "1"]
[White "Boric, Elena"]
[Black "Paehtz, Elisabeth"]
[Result "0-1"]
[WhiteTitle "WIM"]
[BlackTitle "IM"]
[WhiteElo "2319"]
[BlackElo "2483"]
[WhiteTeam "Bosnia & Herzegovina"]
[BlackTeam "Germany"]
[WhiteFideId "14400839"]
[BlackFideId "4641833"]
[EventDate "2012.08.28"]

1. d4 Nf6 2. g3 e6 3. Bg2 c5 4. c3 d5 5. Nf3 Nc6 6. O-O Be7 7. Bf4 O-O 8. Nbd2
cxd4 9. cxd4 Qb6 10. Nb3 a5 11. a4 Bd7 12. Ne5 Be8 13. Nxc6 Bxc6 14. Qd3 Ne4 15.
Nd2 Rfd8 16. Nxe4 dxe4 17. Bxe4 Rxd4 18. Be3 Rxd3 19. Bxb6 Rd2 20. Bxc6 bxc6 21.
e3 Rxb2 22. Bd4 Rc2 23. Rfc1 Rxc1+ 24. Rxc1 Ra6 25. Kf1 Ba3 26. Rc2 c5 27. Bb2
Bb4 28. Ke2 Rd6 29. Bc3 Kf8 30. Bxb4 cxb4 31. Rc5 Rd5 32. Rc7 g5 33. e4 Rd4 34.
Ke3 Rd1 35. Rc5 b3 36. Rb5 Ra1 37. Rxb3 Rxa4 38. e5 Kg7 39. Kf3 Rb4 40. Rc3 Rb5
41. Ke4 a4 42. Ra3 Rb4+ 43. Kd3 Kg6 44. Kc2 Re4 45. Kd2 g4 46. Rc3 h5 47. Rc5
Rd4+ 48. Kc2 Rd5 49. Rc4 Rxe5 50. Rf4 Rf5 51. Rxa4 Rxf2+ 52. Kd3 Rxh2 53. Ke3
Rg2 54. Kf4 Rf2+ 55. Ke4 Rf3 56. Kd4 0-1

[Event "40th Olympiad Women"]
[Site "Istanbul TUR"]
[Date "2012.08.29"]
[Round "2.25"]
[Board "2"]
[White "Melamed, Tetyana"]
[Black "Dimitrijevic, Aleksandra"]
[Result "1-0"]
[WhiteTitle "WGM"]
[BlackTitle "WFM"]
[WhiteElo "2356"]
[BlackElo "2280"]
[WhiteTeam "Germany"]
[BlackTeam "Bosnia & Herzegovina"]
[WhiteFideId "14102145"]
[BlackFideId "929239"]
[EventDate "2012.08.28"]

1. e4 e6 2. d4 d5 3. Nc3 a6 4. Nf3 Nf6 5. e5 Nfd7 6. Bg5 Be7 7. Bxe7 Qxe7 8. Bd3
c5 9. dxc5 Nc6 10. O-O Nxc5 11. Re1 O-O 12. Bf1 Qc7 13. Qd2 d4 14. Ne2 Nxe5 15.
Nxe5 Qxe5 16. Nxd4 Qc7 17. Qc3 Qb6 18. a4 Qa7 19. Re5 b6 20. a5 Nd7 21. Rg5 e5
22. Nc6 Qb7 23. Nxe5 Nxe5 24. Qxe5 g6 25. Bc4 Bd7 26. axb6 Qxb6 27. b3 Rae8 28.
Qa5 Qf6 29. Rg3 Bf5 30. h3 Bxc2 31. Rf3 Qd4 32. Qc3 Qxc3 33. Rxc3 Bf5 34. Rxa6
Re1+ 35. Kh2 Rb1 36. Ra7 Rb2 37. Kg3 h6 38. Re3 g5 39. Re2 Rb1 40. Ree7 Bg6 41.
Reb7 Rc1 42. Rc7 Rb1 43. Ra6 Kg7 44. Rxg6+ 1-0

[Event "40th Olympiad Women"]
[Site "Istanbul TUR"]
[Date "2012.08.29"]
[Round "2.25"]
[Board "3"]
[White "Dengler, Dijana"]
[Black "Ohme, Melanie"]
[Result "0-1"]
[WhiteTitle "WFM"]
[BlackTitle "WGM"]
[WhiteElo "2066"]
[BlackElo "2337"]
[WhiteTeam "Bosnia & Herzegovina"]
[BlackTeam "Germany"]
[WhiteFideId "14400081"]
[BlackFideId "4690745"]
[EventDate "2012.08.28"]

1. d4 Nf6 2. c3 d5 3. Bg5 e6 4. Nd2 h6 5. Bh4 c5 6. e3 Nc6 7. Bd3 cxd4 8. exd4
Be7 9. Ngf3 Qb6 10. Rb1 Bd7 11. Qe2 O-O 12. Ne5 Rfd8 13. O-O Be8 14. Kh1 Rdc8
15. f4 Nd7 16. Bf2 Qc7 17. Ndf3 Bd6 18. Bc2 Ne7 19. Qd3 Nf8 20. Qd2 b5 21. Rbc1
a5 22. a3 Qb8 23. Bb3 Ra7 24. Nd3 Nd7 25. Nfe5 Nf6 26. Qe2 Ne4 27. Bg1 Nf5 28.
Rf3 f6 29. g4 Ne7 30. f5 fxe5 31. dxe5 Bc5 32. Nxc5 Nxc5 33. Bc2 Rb7 34. Rcf1
Ne4 35. f6 Ng6 36. fxg7 Rxg7 37. Bd4 Bc6 38. Qe3 Rh7 39. Bxe4 dxe4 40. Rf6 Rg7
41. Rxe6 Qb7 42. Rff6 Be8 43. Rb6 Qd5 44. h3 Nh4 45. Rxh6 Nf3 46. Rbd6 Qc4 47.
Kg2 b4 48. axb4 axb4 49. e6 Nxd4 50. Rxd4 Qc5 51. c4 Bg6 52. Qd2 Qf8 53. Qe3 Qf6
54. Kg1 Qxe6 55. Rxe4 Qe5 0-1

[Event "40th Olympiad Women"]
[Site "Istanbul TUR"]
[Date "2012.08.29"]
[Round "2.25"]
[Board "4"]
[White "Levushkina, Elena"]
[Black "Dedijer, Mira"]
[Result "1-0"]
[WhiteTitle "WGM"]
[WhiteElo "2301"]
[BlackElo "1981"]
[WhiteTeam "Germany"]
[BlackTeam "Bosnia & Herzegovina"]
[WhiteFideId "14200686"]
[BlackFideId "14401622"]
[EventDate "2012.08.28"]

1. e4 e5 2. Nc3 Nf6 3. g3 Bc5 4. Bg2 O-O 5. Nge2 a6 6. O-O Nc6 7. Nd5 d6 8. c3
Ba7 9. d4 h6 10. Nxf6+ Qxf6 11. Be3 Re8 12. Qd2 Bd7 13. f4 exf4 14. Rxf4 Qg6 15.
Raf1 Re7 16. R4f2 f6 17. Nf4 Qe8 18. Nd5 Bg4 19. Rxf6 Rd7 20. Rxh6 Rf7 21. Rxf7
Qxf7 22. Rh4 Be6 23. Rf4 Qd7 24. Qf2 Re8 25. Bd2 Ne5 26. Qf1 c6 27. Ne3 Ng6 28.
Rf2 Bxa2 29. Bh3 Be6 30. Bf5 Nf8 31. Kh1 g6 32. Bxe6+ Qxe6 33. Rf4 Bb6 34. Ng4
Nh7 35. Qh3 Re7 36. Nh6+ Kh8 37. Nf7+ Kg8 38. Nh6+ Kh8 39. Nf7+ Kg8 40. Qxh7+
Kxh7 41. Ng5+ Kg7 42. Nxe6+ Rxe6 43. Kg2 Bc7 44. Kf3 d5 45. e5 a5 46. h4 b5 47.
h5 gxh5 48. Rf5 a4 49. Rxh5 Bd8 50. Kf4 Kg6 51. Kg4 Kg7 52. Kf5 Rg6 53. g4 Be7
54. g5 1-0

[Event "40th Olympiad Women"]
[Site "Istanbul TUR"]
[Date "2012.08.29"]
[Round "2.26"]
[Board "1"]
[White "Alexandrova, Olga"]
[Black "Bjerke, Silje"]
[Result "1-0"]
[WhiteTitle "IM"]
[BlackTitle "WIM"]
[WhiteElo "2417"]
[BlackElo "2235"]
[WhiteTeam "Spain"]
[BlackTeam "Norway"]
[WhiteFideId "14102463"]
[BlackFideId "1502786"]
[EventDate "2012.08.28"]

1. d4 Nf6 2. c4 c5 3. d5 b5 4. Qc2 g6 5. e4 Bg7 6. Nf3 d6 7. cxb5 a6 8. a4 O-O
9. Nc3 Bb7 10. bxa6 Nxa6 11. Bc4 Nc7 12. O-O e6 13. Rd1 exd5 14. exd5 Re8 15.
Bg5 Qd7 16. h3 Ba6 17. b3 Rab8 18. Rab1 Qc8 19. Bf4 Rd8 20. Nd2 Bb7 21. Qd3 Na6
22. Qf3 Ne8 23. Bg5 f6 24. Bf4 Nb4 25. Nde4 h6 26. Nb5 f5 27. Nexd6 Nxd6 28.
Nxd6 Qd7 29. Bb5 Qe7 30. Re1 Qf8 31. Nxb7 Rxb7 32. d6 Ra7 33. d7 Raxd7 34. Bxd7
Rxd7 35. Rbd1 Rxd1 36. Rxd1 Nc2 37. Bd6 Qc8 38. Qd5+ Kh7 39. Qxc5 1-0

[Event "40th Olympiad Women"]
[Site "Istanbul TUR"]
[Date "2012.08.29"]
[Round "2.26"]
[Board "2"]
[White "Hagesaether, Ellen"]
[Black "Vega Gutierrez, Sabrina"]
[Result "0-1"]
[WhiteTitle "WIM"]
[BlackTitle "WGM"]
[WhiteElo "2230"]
[BlackElo "2355"]
[WhiteTeam "Norway"]
[BlackTeam "Spain"]
[WhiteFideId "1501909"]
[BlackFideId "2219026"]
[EventDate "2012.08.28"]

1. e4 c5 2. Nf3 Nc6 3. Bb5 e6 4. Bxc6 bxc6 5. d3 Ne7 6. Qe2 Qc7 7. Nh4 g6 8. e5
Bg7 9. f4 f6 10. Nf3 O-O 11. Nbd2 Ba6 12. Ne4 fxe5 13. fxe5 Bxe5 14. Nxc5 Bxb2
15. Bxb2 Qa5+ 16. Nd2 Qxc5 17. Ne4 Qf5 18. Rf1 Qxf1+ 19. Qxf1 Rxf1+ 20. Kxf1 Nd5
21. Ke2 Rf8 22. g3 Rf5 23. a4 Nb4 24. g4 Rf4 25. Nf6+ Kf7 26. Nxd7 Nxc2 27. Rc1
Nb4 28. Ke3 Nd5+ 29. Ke2 Rxa4 30. Ne5+ Ke8 31. Rxc6 Nf4+ 32. Ke3 g5 33. Nc4 Nd5+
34. Kd4 Kd7 35. Rd6+ Ke7 36. Ke5 Nf4 37. Rd4 Bb7 38. Rd6 Ng6+ 39. Kd4 Rxc4+ 40.
dxc4 Kxd6 0-1

[Event "40th Olympiad Women"]
[Site "Istanbul TUR"]
[Date "2012.08.29"]
[Round "2.26"]
[Board "4"]
[White "Skytte, Torill"]
[Black "Hernandez Estevez, Yudania"]
[Result "0-1"]
[BlackTitle "WIM"]
[WhiteElo "1954"]
[BlackElo "2252"]
[WhiteTeam "Norway"]
[BlackTeam "Spain"]
[WhiteFideId "1503260"]
[BlackFideId "2219344"]
[EventDate "2012.08.28"]

1. d4 d5 2. Bf4 c5 3. e3 cxd4 4. exd4 Nc6 5. c3 Bf5 6. Qb3 Qd7 7. Nd2 e6 8. Ngf3
a6 9. Be2 Nf6 10. O-O Be7 11. Ne5 Nxe5 12. Bxe5 O-O 13. Nf3 Bd6 14. Qb6 Rfd8 15.
Rfe1 Rac8 16. Rad1 Rc6 17. Qb3 Qc7 18. Bd3 Ne4 19. Bxd6 Nxd6 20. Bxf5 Nxf5 21.
Ne5 Rcd6 22. Rd2 b5 23. a3 Rb6 24. Qd1 a5 25. Nd3 Nd6 26. Qh5 Rc8 27. Rde2 Rbb8
28. Re3 Nf5 29. Rh3 h6 30. Rf3 b4 31. axb4 axb4 32. g4 bxc3 33. bxc3 Nd6 34. Ne5
f6 35. Ng6 Ne4 36. h4 Qf7 37. Nf4 Qxh5 38. gxh5 Kf7 39. Rfe3 Rb6 40. f3 Ng3 41.
Nxe6 Nxh5 42. Nc5 Kg6 43. Re7 Rb2 44. R1e2 Rb1+ 45. Re1 Rcb8 46. Rxb1 Rxb1+ 47.
Kf2 Rc1 48. Rd7 Nf4 49. Ke3 Kf5 50. Na4 Rc2 0-1

[Event "40th Olympiad Women"]
[Site "Istanbul TUR"]
[Date "2012.08.29"]
[Round "2.27"]
[Board "1"]
[White "Petrenko, Svetlana"]
[Black "Dembo, Yelena"]
[Result "0-1"]
[WhiteTitle "IM"]
[BlackTitle "IM"]
[WhiteElo "2199"]
[BlackElo "2457"]
[WhiteTeam "Moldova"]
[BlackTeam "Greece"]
[WhiteFideId "13900196"]
[BlackFideId "723916"]
[EventDate "2012.08.28"]

1. e4 c5 2. Nf3 Nc6 3. d4 cxd4 4. Nxd4 Nf6 5. Nc3 d6 6. Be2 g6 7. O-O Bg7 8. Nb3
O-O 9. Kh1 a6 10. f4 Bd7 11. Bf3 Rc8 12. Be3 b5 13. Qd2 Bg4 14. Bxg4 Nxg4 15.
Bg1 Nf6 16. Rae1 Na5 17. Nxa5 Qxa5 18. e5 b4 19. Nd1 dxe5 20. Rxe5 Qxa2 21. Rxe7
Rfd8 22. Qe2 a5 23. f5 a4 24. fxg6 hxg6 25. c3 Qc4 26. cxb4 Qxb4 27. Be3 Qxe7 0-1

[Event "40th Olympiad Women"]
[Site "Istanbul TUR"]
[Date "2012.08.29"]
[Round "2.27"]
[Board "3"]
[White "Smokina, Karolina"]
[Black "Fakhiridou, Ekaterini"]
[Result "1-0"]
[WhiteTitle "WGM"]
[BlackTitle "WIM"]
[WhiteElo "2156"]
[BlackElo "2215"]
[WhiteTeam "Moldova"]
[BlackTeam "Greece"]
[WhiteFideId "13900382"]
[BlackFideId "4202848"]
[EventDate "2012.08.28"]

1. c4 e5 2. Nc3 Nc6 3. g3 g6 4. Bg2 Bg7 5. e4 d6 6. d3 f5 7. Nge2 Nf6 8. f3 O-O
9. Bg5 h6 10. Be3 Kh7 11. Qd2 Be6 12. Nd5 Qd7 13. O-O Nd8 14. Nxf6+ Rxf6 15.
exf5 Rxf5 16. f4 Rh5 17. Nc3 Bh3 18. Ne4 Bxg2 19. Qxg2 exf4 20. Rxf4 Nc6 21.
Raf1 Qe6 22. g4 Ra5 23. Rf7 Kg8 24. Rxc7 Ne5 25. Bxh6 Bxh6 26. Nf6+ Kf8 27. Qxb7
Rd8 28. Rh7 Be3+ 29. Kh1 Nf7 30. Rxf7+ Qxf7 31. Nh7+ 1-0